[Event "22nd ch-EUR Indiv 2022"]
[Site "Terme Catez SLO"]
[Date "2022.04.04"]
[Round "9.138"]
[White "Chennaoui, Yasin"]
[Black "Pozun, Matej"]
[Result "1/2-1/2"]
[WhiteElo "2015"]
[BlackElo "2168"]
[WhiteFideId "1330667"]
[BlackFideId "14618788"]
[EventDate "2022.03.27"]

1. c4 c5 2. Nc3 Nc6 3. g3 Nf6 4. Bg2 e6 5. Nf3 Be7 6. O-O O-O 7. d4 cxd4 8. Nxd4
a6 9. Bf4 Qb6 10. Nb3 e5 11. Be3 Qd8 12. Nd5 d6 13. Bb6 Qd7 14. Qd2 Nxd5 15.
cxd5 Nb8 16. a4 Qg4 17. Rfc1 Nd7 18. Be3 f5 19. f4 h5 20. Bf2 h4 21. Rc4 hxg3
22. hxg3 b5 23. axb5 Rb8 24. Na5 Rxb5 25. Rac1 exf4 26. gxf4 Nc5 27. b4 Ne4 28.
Qe3 Bd7 29. Qa7 Bh4 30. Bxh4 Qxh4 31. Rxe4 fxe4 32. Qxd7 Rxf4 33. Rc8+ Kh7 34.
Bxe4+ Rxe4 35. Qf5+ g6 36. Qf7+ Kh6 37. Rh8+ Kg5 38. Rxh4 Rxh4 39. Qe7+ Kh5 40.
Qxd6 Rhxb4 41. Qe5+ Kh6 42. Qh8+ Kg5 43. Qe5+ Kh6 44. Nc6 Rg4+ 45. Kf2 a5 46.
Nxa5 Rh4 47. Nc6 Rh5 48. Qf4+ Kg7 49. e4 Rh3 50. Qe5+ Kh7 51. Nd8 Rb2+ 52. Kg1
Rhb3 53. Ne6 Rb7 54. Qxb2 Rxb2 55. d6 Rd2 56. d7 Kh6 57. d8=Q Rxd8 58. Nxd8 Kg5
59. Nc6 Kf4 60. e5 Kf5 61. Kf2 Ke6 62. Ke3 Kd5 63. Kf4 Kxc6 64. Kg5 Kd7 65. Kf6
Ke8 66. Kxg6 Ke7 67. Kf5 Kf7 68. Kf4 Ke6 69. Ke4 Ke7 70. Kd4 Ke6 71. Ke4 Ke7 72.
Kd5 Kd7 73. e6+ Ke7 74. Ke5 Ke8 75. Kf6 Kf8 76. Kf5 Ke7 77. Ke5 Ke8 78. Kd6 Kd8
79. Kd5 Ke7 80. Ke5 Ke8 81. Kd6 Kd8 82. e7+ Ke8 83. Ke6 1/2-1/2

[Event "22nd ch-EUR Indiv 2022"]
[Site "Terme Catez SLO"]
[Date "2022.04.04"]
[Round "9.139"]
[White "Roebers, Jan"]
[Black "Ghita, Vlad-Bogdan"]
[Result "1-0"]
[WhiteTitle "FM"]
[WhiteElo "2156"]
[BlackElo "1981"]
[WhiteFideId "1007815"]
[BlackFideId "1222198"]
[EventDate "2022.03.27"]

1. e4 c5 2. Nf3 d6 3. d4 cxd4 4. Nxd4 Nf6 5. Nc3 a6 6. g3 e5 7. Nb3 Qc7 8. Bg2
b5 9. O-O Bb7 10. a4 b4 11. Nd5 Bxd5 12. exd5 Nbd7 13. a5 Be7 14. Bd2 Qc4 15.
Re1 O-O 16. Bf1 Qxd5 17. Bxb4 Rab8 18. Ba3 Rfc8 19. Bxa6 Qxd1 20. Raxd1 Rxc2 21.
Nd4 Rc7 22. Bf1 Nc5 23. Nf5 Ne8 24. Nxe7+ Rxe7 25. b4 Nb3 26. Rd3 1-0

[Event "22nd ch-EUR Indiv 2022"]
[Site "Terme Catez SLO"]
[Date "2022.04.04"]
[Round "9.140"]
[White "Veleski, Robert"]
[Black "Javornik, Nik"]
[Result "1/2-1/2"]
[WhiteTitle "FM"]
[WhiteElo "2136"]
[BlackElo "2002"]
[WhiteFideId "15001008"]
[BlackFideId "14636549"]
[EventDate "2022.03.27"]

1. Nf3 Nf6 2. g3 g6 3. b3 Bg7 4. Bb2 d6 5. Bg2 O-O 6. O-O e5 7. c4 Nc6 8. Nc3
Nd7 9. d4 Nxd4 10. Nxd4 exd4 11. Ne4 f5 12. Nd2 Qe7 13. Re1 c5 14. e3 d3 15.
Bd5+ Kh8 16. Bxg7+ Kxg7 17. Nf3 Nf6 18. Qxd3 Nxd5 19. cxd5 Bd7 20. h4 h6 21.
Rac1 a5 22. Rc2 Rfe8 23. Rce2 Qf6 24. Nd2 Re7 25. f4 Rae8 26. e4 g5 27. hxg5
hxg5 28. fxg5 Qxg5 29. Qc3+ Qf6 30. Qxf6+ Kxf6 31. Rf2 Kg5 32. Rf4 b5 33. Kg2
Kg6 34. Kf3 Re5 35. Rh1 fxe4+ 36. Nxe4 Rxd5 37. Rf6+ Kg7 38. Rhh6 Rf5+ 39. Rxf5
Bxf5 40. Nxd6 Kxh6 41. Nxe8 b4 42. Nd6 Bb1 43. Nb7 Bxa2 44. Nxa5 Kg5 45. Ke4
Bxb3 46. Nxb3 c4 47. Nc1 Kg4 48. Ne2 b3 49. Ke3 b2 50. Nc3 Kxg3 51. Kd4 b1=Q 52.
Nxb1 c3 53. Nxc3 1/2-1/2

[Event "22nd ch-EUR Indiv 2022"]
[Site "Terme Catez SLO"]
[Date "2022.04.04"]
[Round "9.141"]
[White "Greicius, Pijus"]
[Black "Garsky, Vladyslav"]
[Result "1/2-1/2"]
[WhiteElo "2100"]
[BlackElo "1768"]
[WhiteFideId "12819093"]
[BlackFideId "34100270"]
[EventDate "2022.03.27"]

1. d4 d5 2. c4 dxc4 3. e3 Nf6 4. Bxc4 e6 5. Nf3 a6 6. O-O b5 7. Bd3 Bb7 8. a4 b4
9. Nbd2 Nbd7 10. Qe2 c5 11. a5 Be7 12. Nc4 Qc7 13. h3 O-O 14. Rd1 Rfd8 15. Bd2
Rac8 16. Rac1 Qb8 17. Be1 Qa8 18. Ncd2 cxd4 19. exd4 Nd5 20. Rxc8 1/2-1/2

[Event "22nd ch-EUR Indiv 2022"]
[Site "Terme Catez SLO"]
[Date "2022.04.04"]
[Round "9.142"]
[White "Borisek, Anze"]
[Black "Novosel, Lovro"]
[Result "0-1"]
[WhiteElo "1905"]
[BlackElo "2099"]
[WhiteFideId "14608693"]
[BlackFideId "14547120"]
[EventDate "2022.03.27"]

1. b3 e5 2. Bb2 Nc6 3. e3 d5 4. Bb5 Bd6 5. f4 f6 6. fxe5 fxe5 7. Nf3 Qe7 8. O-O
Nf6 9. Qe1 O-O 10. Qh4 Bd7 11. Bxc6 bxc6 12. Nc3 e4 13. Nd4 Qe5 14. g3 c5 15.
Nde2 Qe7 16. Nf4 c6 17. Nh5 Nxh5 18. Qxh5 g6 19. Qh6 Rf3 20. Ne2 Raf8 21. Nf4
Be5 22. Bxe5 Qxe5 23. Rxf3 exf3 24. Rf1 Qe4 25. Nd3 Bc8 26. Qh4 Ba6 27. Qh3 d4
28. exd4 cxd4 29. Qd7 Bxd3 30. cxd3 f2+ 31. Rxf2 Qe1+ 32. Kg2 Qxf2+ 0-1

[Event "22nd ch-EUR Indiv 2022"]
[Site "Terme Catez SLO"]
[Date "2022.04.04"]
[Round "9.143"]
[White "Rozman, Monika"]
[Black "Kocharin, Timur"]
[Result "1/2-1/2"]
[WhiteTitle "WFM"]
[WhiteElo "2094"]
[BlackElo "1760"]
[WhiteFideId "14609118"]
[BlackFideId "16240936"]
[EventDate "2022.03.27"]

1. e4 c5 2. Nf3 d6 3. d4 cxd4 4. Nxd4 Nf6 5. Nc3 Nc6 6. Be2 e5 7. Nb3 Be7 8. O-O
O-O 9. Be3 a5 10. Nd2 d5 11. Nxd5 Nxd5 12. exd5 Qxd5 13. Bc4 Qd6 14. c3 Be6 15.
Qa4 Bxc4 16. Nxc4 Qe6 17. Rad1 f5 18. Qb5 f4 19. Bc5 f3 20. Bxe7 fxg2 21. Rfe1
Qxe7 22. Nxe5 Qf6 23. Ng4 Qf4 24. Qd5+ Kh8 25. Re4 Qf3 26. Rd3 Qf5 27. Qxf5 Rxf5
28. Ne3 Rff8 29. a4 Rad8 30. Rxd8 Rxd8 31. Nc4 Kg8 32. Kxg2 Rd5 33. Re8+ Kf7 34.
Rc8 Ke6 35. Rc7 Rd7 36. Rxd7 Kxd7 37. Kf3 Kc7 38. Ke4 b6 39. Ne3 Nb8 40. Nf5 g6
41. Nd4 Nd7 42. Kf4 Nc5 43. b3 Nd3+ 44. Ke3 Nc5 45. f4 Kd6 46. Kf3 Kd5 47. Ke3
Kd6 48. c4 Nd7 49. Nc2 1/2-1/2

[Event "22nd ch-EUR Indiv 2022"]
[Site "Terme Catez SLO"]
[Date "2022.04.04"]
[Round "9.144"]
[White "Kovalskyi, Roman"]
[Black "Giacomini, Hector"]
[Result "1-0"]
[WhiteElo "1807"]
[BlackElo "2129"]
[WhiteFideId "14184214"]
[BlackFideId "605352"]
[EventDate "2022.03.27"]

1. e4 c6 2. d4 d5 3. exd5 cxd5 4. Bd3 Nc6 5. c3 Nf6 6. h3 e5 7. dxe5 Nxe5 8. Nf3
Nxd3+ 9. Qxd3 Bd6 10. O-O O-O 11. Bg5 Be6 12. Nbd2 h6 13. Bh4 Re8 14. Nb3 a6 15.
Nbd4 Bd7 16. Rfe1 Re4 17. Rxe4 dxe4 18. Bxf6 Qe8 19. Qd2 exf3 20. Nxf3 Bf8 21.
Re1 Qc8 22. Bh4 Bf5 23. Nd4 Bg6 24. Be7 Qd7 25. Bxf8 Rxf8 26. Qe3 Qd5 27. Qe7
Rd8 28. Re5 Qd7 29. f4 f6 30. Re3 Qd5 31. Ne6 Rd7 32. Qf8+ Kh7 33. Qc8 Rf7 34.
Nf8+ Rxf8 35. Qxf8 Be4 36. Rg3 Qd7 37. Qb4 Bc6 38. Qd4 Qf7 39. Qd3+ Kh8 40. Qd8+
Kh7 41. b3 h5 42. Re3 h4 43. Qd3+ Kh8 44. Qf5 Bd7 45. Qe4 Bc6 46. Qe6 Qg6 47.
Qg4 Qh6 48. Qc8+ Kh7 49. Qf5+ Kg8 50. c4 Kf7 51. b4 1-0

[Event "22nd ch-EUR Indiv 2022"]
[Site "Terme Catez SLO"]
[Date "2022.04.04"]
[Round "9.145"]
[White "Tancsa, Tamas"]
[Black "Arsenie, Cristian Marc"]
[Result "0-1"]
[WhiteElo "2096"]
[BlackElo "1952"]
[WhiteFideId "783749"]
[BlackFideId "1345923"]
[EventDate "2022.03.27"]

1. e4 c5 2. Nf3 Nc6 3. d4 cxd4 4. Nxd4 Nf6 5. Nc3 e5 6. Ndb5 d6 7. Nd5 Nxd5 8.
exd5 Ne7 9. c3 f5 10. f4 a6 11. Qa4 Kf7 12. fxe5 dxe5 13. d6 Nd5 14. Bc4 Be6 15.
Bxd5 Bxd5 16. Nc7 b5 17. Qc2 Qh4+ 18. Kd1 Qg4+ 19. Ke1 Bxg2 20. Rg1 Qh4+ 21. Qf2
Qxf2+ 22. Kxf2 Bxd6 23. Nxa8 Bxa8 24. a4 f4 25. b4 Bc6 26. axb5 Bxb5 27. Rd1 Ke6
28. Ra2 g5 29. h3 h5 30. Kf3 Rg8 31. Rg1 g4+ 0-1

[Event "22nd ch-EUR Indiv 2022"]
[Site "Terme Catez SLO"]
[Date "2022.04.04"]
[Round "9.146"]
[White "Miftari, Hedon"]
[Black "Van Hoolandt, Patrick"]
[Result "1/2-1/2"]
[BlackTitle "FM"]
[WhiteElo "1987"]
[BlackElo "2065"]
[WhiteFideId "15007065"]
[BlackFideId "200999"]
[EventDate "2022.03.27"]

1. e4 e5 2. Nc3 Nf6 3. d4 exd4 4. Qxd4 Nc6 5. Qd3 Bb4 6. Bd2 d6 7. O-O-O Bd7 8.
f3 Qe7 9. Kb1 O-O-O 10. Nd5 Nxd5 11. exd5 Ne5 12. Qe4 Bxd2 13. Rxd2 Rhe8 14. Ne2
Qg5 15. f4 Qg6 16. Qd4 c5 17. dxc6 Nxc6 18. Qf2 Bf5 19. Nc3 d5 20. Bd3 Be4 21.
Rhd1 f5 22. a3 d4 23. Ne2 Qf6 24. Qg1 Bxd3 25. cxd3 Kb8 26. Rc2 Re3 27. Nc3 Qe7
28. Na2 a5 29. Nc1 Re8 30. Qf2 Re1 31. Rxe1 Qxe1 32. Qxe1 Rxe1 33. Re2 Rxe2 34.
Nxe2 Kc7 35. Kc2 Kd6 36. Kb3 Kc5 37. Kc2 Ne7 38. b4+ axb4 39. axb4+ Kxb4 40.
Nxd4 b5 41. g3 g6 42. Kb2 Kc5 43. Ne6+ Kd5 44. Nc7+ Kd4 45. Nxb5+ Kxd3 46. Kc1
Ke2 47. Nd4+ Kf2 48. Kd2 Nd5 49. Ne6 Nf6 50. Nf8 Kg2 51. Ke2 Kxh2 52. Kf2 Kh1
53. Kf1 Ne4 54. Nxh7 Nxg3+ 55. Kf2 Nh5 56. Kf3 Kh2 57. Nf8 Nxf4 58. Kxf4 g5+ 59.
Kxg5 f4 60. Kxf4 1/2-1/2

[Event "22nd ch-EUR Indiv 2022"]
[Site "Terme Catez SLO"]
[Date "2022.04.04"]
[Round "9.147"]
[White "Franco, Alessandro P."]
[Black "Yakimenko, Alexander A."]
[Result "0-1"]
[WhiteElo "1848"]
[BlackElo "2064"]
[WhiteFideId "865923"]
[BlackFideId "24141917"]
[EventDate "2022.03.27"]

1. e4 e5 2. Nf3 Nc6 3. Bc4 Be7 4. O-O Nf6 5. Re1 O-O 6. c3 d6 7. Bb3 Be6 8. Bc2
d5 9. exd5 Nxd5 10. Nxe5 Nxe5 11. Rxe5 Bd6 12. Re1 Bxh2+ 13. Kxh2 Qh4+ 14. Kg1
Bg4 15. f3 Nf4 16. d4 Bxf3 17. Bxf4 Bxd1 18. g3 Qh3 19. Rxd1 Rae8 20. Bd3 Re3
21. Na3 Rxg3+ 22. Bxg3 Qxg3+ 23. Kf1 Re8 24. Nc4 Re6 25. Rd2 Rf6+ 26. Ke2 Rf2+
27. Kd1 Qg1+ 28. Kc2 Rxd2+ 29. Nxd2 Qxa1 30. Kb3 Qd1+ 0-1

[Event "22nd ch-EUR Indiv 2022"]
[Site "Terme Catez SLO"]
[Date "2022.04.04"]
[Round "9.148"]
[White "Tribushnaya, Olga"]
[Black "Zupancic, Urban"]
[Result "1/2-1/2"]
[WhiteElo "1716"]
[BlackElo "2047"]
[WhiteFideId "14123045"]
[BlackFideId "14606631"]
[EventDate "2022.03.27"]

1. e4 c5 2. c3 e6 3. d4 d5 4. exd5 exd5 5. Be3 c4 6. b3 cxb3 7. axb3 Nc6 8. Bd3
Bd6 9. h3 Nge7 10. Ne2 Bf5 11. O-O O-O 12. Bxf5 Nxf5 13. Bf4 Re8 14. Bxd6 Qxd6
15. Qd3 g6 16. Nd2 Re7 17. Rfe1 Rae8 18. Nf3 a6 19. Kf1 Nd8 20. Qd2 f6 21. Nf4
Re4 22. Nd3 Ne6 23. Rad1 a5 24. Nc5 Rxe1+ 25. Rxe1 b6 26. Nxe6 Rxe6 27. Rxe6
Qxe6 28. Qe2 Kf7 29. Qb5 Ne7 30. Qe2 Qxe2+ 31. Kxe2 Ke6 32. Kd3 Nf5 33. c4 Kd6
34. Kc3 Kc6 35. Ne1 b5 36. cxb5+ Kxb5 37. Nd3 g5 38. Nc5 Nd6 39. f3 Kc6 40. g4
Nb5+ 41. Kd3 Nc7 42. Kc3 Nb5+ 43. Kd3 Nc7 44. Kc3 Nb5+ 1/2-1/2

[Event "22nd ch-EUR Indiv 2022"]
[Site "Terme Catez SLO"]
[Date "2022.04.04"]
[Round "9.149"]
[White "Bashylina, Luisa"]
[Black "Lauda, Alexandr"]
[Result "0-1"]
[WhiteTitle "WFM"]
[WhiteElo "2043"]
[BlackElo "1789"]
[WhiteFideId "12983292"]
[BlackFideId "13903179"]
[EventDate "2022.03.27"]

1. d4 b5 2. e4 Bb7 3. Nd2 a6 4. a4 b4 5. Ngf3 e6 6. Bd3 c5 7. O-O cxd4 8. Nxd4
Nc6 9. Nxc6 Bxc6 10. a5 Bc5 11. Re1 Qh4 12. Qe2 Nf6 13. Nf3 Qh5 14. Bf4 O-O 15.
h3 d6 16. Bg5 Nd7 17. Kh2 f5 18. Bd2 fxe4 19. Bxe4 d5 20. Bxh7+ Kh8 21. Bd3 e5
22. g4 Qe8 23. Bf5 e4 24. Nh4 Bb5 25. Qd1 Bxf2 26. Ng6+ Kg8 27. Bxb4 Qb8+ 28.
Kh1 Rxf5 29. Ne7+ Kh7 30. Nxf5 g6 31. Qxd5 Ne5 32. Bd6 Qe8 33. Qb7+ Nf7 34. Rf1
Bc6 35. Qe7 e3+ 36. Kh2 gxf5 37. gxf5 Qxe7 38. Bxe7 Rg8 39. h4 Rg2+ 40. Kh3 Ne5 0-1

[Event "22nd ch-EUR Indiv 2022"]
[Site "Terme Catez SLO"]
[Date "2022.04.04"]
[Round "9.150"]
[White "Shevchenko, Matviei"]
[Black "Martinkus, Rolandas"]
[Result "0-1"]
[BlackTitle "FM"]
[WhiteElo "1326"]
[BlackElo "2033"]
[WhiteFideId "14188678"]
[BlackFideId "12800481"]
[EventDate "2022.03.27"]

1. e4 e5 2. Nf3 Nc6 3. Bc4 Be7 4. d3 Nf6 5. c3 O-O 6. Nbd2 d5 7. Bb3 dxe4 8.
Nxe4 Nxe4 9. dxe4 Qxd1+ 10. Bxd1 Be6 11. Be3 f6 12. Be2 Nb8 13. O-O Nd7 14. Nd2
Bc5 15. Bxc5 Nxc5 16. f3 Rfd8 17. Rfd1 Rd7 18. b3 Rad8 19. Nf1 a5 20. Rxd7 Rxd7
21. Rd1 Rxd1 22. Bxd1 Nd7 23. Ne3 c6 24. Be2 b5 25. c4 b4 26. Bd1 Kf8 27. Kf2
Ke7 28. Ke2 Kd6 29. Bc2 Kc5 30. Kd3 Kb6 31. Kd2 Nc5 32. Ke2 Bd7 33. Kd2 Ne6 34.
Bd3 Kc5 35. Kd1 Nd4 36. Nf5 Bxf5 37. exf5 Kb6 38. Be4 a4 39. bxa4 Ka5 40. Kc1
Kxa4 41. Kb2 Ka5 42. a3 Ka4 43. axb4 Kxb4 44. Bd3 c5 45. h3 h6 46. h4 h5 47. Be4
Kxc4 48. g4 Ne2 49. g5 Nf4 0-1

[Event "22nd ch-EUR Indiv 2022"]
[Site "Terme Catez SLO"]
[Date "2022.04.04"]
[Round "9.151"]
[White "Varney, Zoe"]
[Black "Patt, Zafrir"]
[Result "1-0"]
[WhiteTitle "WCM"]
[WhiteElo "1998"]
[BlackElo "1771"]
[WhiteFideId "436135"]
[BlackFideId "2840170"]
[EventDate "2022.03.27"]

1. e4 c5 2. Nf3 d6 3. c3 Nf6 4. h3 Bd7 5. Bd3 g6 6. Bc2 e5 7. O-O Bg7 8. d4 cxd4
9. cxd4 exd4 10. Nxd4 O-O 11. Nc3 a6 12. Bf4 Qb6 13. Nb3 Rd8 14. Qxd6 Nc6 15.
Be3 Qb4 16. Bc5 Qc4 17. Bb6 Re8 18. Nc5 Qb4 19. N3a4 Ne5 20. a3 Qb5 21. Nxd7
Nexd7 22. Be3 Nxe4 23. Bxe4 Rxe4 24. Nc3 Bxc3 25. bxc3 Re6 26. Qd2 Ne5 27. Bd4
Rd8 28. Qh6 f6 29. f4 Nf7 30. Qh4 Qc6 31. f5 Re2 32. Qg4 Re4 33. Qf3 Ne5 34.
Bxe5 fxe5 35. fxg6 Qxg6 36. Rad1 Rxd1 37. Qf8# 1-0

[Event "22nd ch-EUR Indiv 2022"]
[Site "Terme Catez SLO"]
[Date "2022.04.04"]
[Round "9.152"]
[White "Kodric, Gasper"]
[Black "Palczert, Miklos"]
[Result "1-0"]
[WhiteElo "1787"]
[BlackElo "1770"]
[WhiteFideId "14625814"]
[BlackFideId "727938"]
[EventDate "2022.03.27"]

1. c4 c5 2. Nf3 e6 3. g3 g6 4. Bg2 Bg7 5. Nc3 Ne7 6. d4 cxd4 7. Nxd4 d5 8. cxd5
Nxd5 9. Nxd5 exd5 10. O-O O-O 11. Be3 Nc6 12. Rc1 Ne5 13. Qb3 Nc4 14. Rfd1 Be6
15. Rd3 Rc8 16. Rcd1 Nxe3 17. Nxe6 fxe6 18. Rxe3 Qf6 19. Bf3 Rc7 20. Rxe6 Qxb2
21. Qxb2 Bxb2 22. Rxd5 Kf7 23. Red6 Re8 24. Rd7+ Re7 25. Rxc7 Rxc7 26. Rb5 Bf6
27. Rxb7 Rxb7 28. Bxb7 Ke6 29. f4 g5 30. e4 Bd4+ 31. Kg2 h6 32. h4 gxf4 33. gxf4
Be3 34. Kf3 Bd2 35. e5 Be1 36. h5 Bd2 37. Ke4 Ke7 38. f5 Bg5 39. f6+ Kf7 40. Kf5 1-0

[Event "22nd ch-EUR Indiv 2022"]
[Site "Terme Catez SLO"]
[Date "2022.04.04"]
[Round "9.153"]
[White "Linnemann, Caspar"]
[Black "Qorri, Fatmir"]
[Result "0-1"]
[WhiteElo "1773"]
[BlackElo "2031"]
[WhiteFideId "16200284"]
[BlackFideId "4702107"]
[EventDate "2022.03.27"]

1. e4 e6 2. d4 d5 3. Nd2 c5 4. c3 cxd4 5. cxd4 Nc6 6. Ngf3 Nf6 7. e5 Ne4 8. Bb5
Nxd2 9. Bxd2 Bd7 10. Bxc6 Bxc6 11. O-O Be7 12. Re1 Qb6 13. Bc3 h6 14. Qd2 a5 15.
a3 a4 16. Kh1 Qb3 17. Ba5 O-O 18. Re3 Qb5 19. Bc3 Rac8 20. Ree1 Bd7 21. Kg1 Rc7
22. Ba5 b6 23. Bc3 Rfc8 24. Red1 Qb3 25. Ne1 b5 26. Rdc1 f6 27. Nd3 fxe5 28.
Nxe5 Be8 29. Re1 Bg5 30. f4 Be7 31. Nd3 Bg6 32. Ne5 Be4 33. Nd3 Rxc3 34. bxc3
Rxc3 35. Nf2 Bxa3 36. Nxe4 dxe4 37. Rxe4 Rd3 38. Qe2 Bb2 39. Rf1 Bxd4+ 40. Kh1
Re3 41. Rxe3 Bxe3 42. Rf3 Qb1+ 43. Rf1 Qb3 44. Rf3 a3 45. h3 a2 46. Rxe3 a1=Q+
47. Kh2 Qc4 48. Qg4 Qf6 49. Rf3 b4 50. Qg3 b3 0-1

[Event "22nd ch-EUR Indiv 2022"]
[Site "Terme Catez SLO"]
[Date "2022.04.04"]
[Round "9.154"]
[White "Zlatanovic, Marcus"]
[Black "Pasti, Zsombor"]
[Result "1/2-1/2"]
[WhiteElo "1680"]
[BlackElo "1773"]
[WhiteFideId "14626195"]
[BlackFideId "799173"]
[EventDate "2022.03.27"]

1. e4 e5 2. Nf3 Nc6 3. Bb5 a6 4. Ba4 Nf6 5. O-O Be7 6. Bxc6 dxc6 7. d3 Nd7 8.
Nbd2 f6 9. b3 Nc5 10. h3 Ne6 11. Bb2 Nf4 12. d4 exd4 13. Nxd4 c5 14. Ne2 Qd6 15.
Re1 Be6 16. Nf1 Nxe2+ 17. Qxe2 Qc6 18. Rad1 O-O 19. Ng3 g6 20. f4 Bd6 21. e5
fxe5 22. fxe5 Be7 23. Ne4 Rae8 24. Rf1 Bf5 25. Qc4+ Be6 26. Qd3 c4 27. Qe2 cxb3
28. cxb3 Bf5 29. Ng3 Be6 30. Ne4 Bh4 31. Rxf8+ Rxf8 32. Nf6+ Bxf6 33. exf6 a5
34. Re1 Bf7 35. Qe3 Re8 36. Qf2 Rxe1+ 37. Qxe1 a4 38. Qd2 Qc5+ 39. Kh1 axb3 40.
axb3 Bxb3 41. Qd8+ Qf8 42. Qxc7 Bd5 43. f7+ Bxf7 44. Qe5 Be8 45. Qh8+ Kf7 46.
Qxh7+ Ke6 47. Qxb7 1/2-1/2

[Event "22nd ch-EUR Indiv 2022"]
[Site "Terme Catez SLO"]
[Date "2022.04.05"]
[Round "10.1"]
[White "Lagarde, Maxime"]
[Black "Bluebaum, Matthias"]
[Result "1/2-1/2"]
[WhiteTitle "GM"]
[BlackTitle "GM"]
[WhiteElo "2626"]
[BlackElo "2642"]
[WhiteFideId "662399"]
[BlackFideId "24651516"]
[EventDate "2022.03.27"]

1. e4 e5 2. Nf3 Nf6 3. d4 Nxe4 4. Bd3 d5 5. dxe5 Be7 6. O-O Nc5 7. Nc3 c6 8. Nd4
O-O 9. Re1 Nxd3 10. Qxd3 Na6 11. Bf4 Nc5 12. Qd2 Ne6 13. Nce2 Nxd4 14. Nxd4 c5
15. Ne2 Be6 16. c3 Qd7 17. Bg5 f6 18. exf6 Bxf6 19. b4 Qe7 20. Bxf6 Qxf6 21. f3
b6 22. bxc5 bxc5 23. Rab1 Rad8 24. Rb5 d4 25. Rxc5 dxc3 26. Qxc3 Bxa2 27. Ra1
Qb6 28. Qa5 Bf7 29. Qxa7 Qb2 30. Re1 Rfe8 31. Qa6 Ra8 32. Qd3 Qb6 33. Rc1 Rad8
34. Qc2 Bb3 35. Qb2 Rd5 36. Kf1 Rxc5 37. Rxc5 Qxc5 38. Qxb3+ Kh8 39. Qd3 h6 40.
Qd2 Rb8 41. g4 Qe5 42. Qf4 Qb5 43. Kf2 Re8 44. Qd2 Qe5 45. Nf4 Qf6 46. Kg3 Rd8
47. Qe3 Qd6 48. Qe6 Qc7 49. Qf5 Kg8 50. Qe6+ Qf7 51. h4 Qxe6 52. Nxe6 Rd6 53.
Nc5 g6 54. Ne4 Rc6 55. Nf2 Kf7 56. Nh3 Rc5 57. Nf4 Kf6 58. Nd3 Rd5 59. Nf4 Rd4
60. Ne2 Rd6 61. Nf4 Ke5 62. Ne2 Rf6 63. Kg2 Rc6 64. Kg3 Rc4 65. Kf2 Rc2 66. Ke3
Ra2 67. f4+ Kd6 68. Ng3 Ra3+ 69. Kf2 Kd5 70. g5 h5 71. f5 gxf5 72. Nxf5 Ra4 73.
Kg3 Ke4 74. Ng7 1/2-1/2

[Event "22nd ch-EUR Indiv 2022"]
[Site "Terme Catez SLO"]
[Date "2022.04.05"]
[Round "10.2"]
[White "Sargissian, Gabriel"]
[Black "Gadimbayli, Abdulla"]
[Result "1-0"]
[WhiteTitle "GM"]
[BlackTitle "IM"]
[WhiteElo "2681"]
[BlackElo "2451"]
[WhiteFideId "13300881"]
[BlackFideId "13404938"]
[EventDate "2022.03.27"]

1. d4 e6 2. c4 Nf6 3. Nf3 b6 4. g3 Ba6 5. b3 Bb4+ 6. Bd2 Be7 7. Nc3 c6 8. e4 d5
9. Bd3 c5 10. exd5 exd5 11. Nxd5 Nxd5 12. Be4 Bb7 13. dxc5 O-O 14. Bxd5 Bxd5 15.
cxd5 Qxd5 16. cxb6 axb6 17. O-O Bf6 18. Bb4 Rd8 19. Qxd5 Rxd5 20. Rac1 Na6 21.
Bc3 Rd3 22. Bxf6 gxf6 23. Nh4 Nb4 24. Rfe1 Nxa2 25. Rc6 Rxb3 26. Nf5 b5 27. Ra6 1-0

[Event "22nd ch-EUR Indiv 2022"]
[Site "Terme Catez SLO"]
[Date "2022.04.05"]
[Round "10.3"]
[White "Saric, Ivan"]
[Black "Abasov, Nijat"]
[Result "1-0"]
[WhiteTitle "GM"]
[BlackTitle "GM"]
[WhiteElo "2687"]
[BlackElo "2630"]
[WhiteFideId "14508150"]
[BlackFideId "13402960"]
[EventDate "2022.03.27"]

1. e4 c5 2. Nf3 e6 3. d4 cxd4 4. Nxd4 Nf6 5. Nc3 Nc6 6. Nxc6 bxc6 7. e5 Nd5 8.
Ne4 Bb7 9. c4 Nb4 10. c5 Qb8 11. f4 Ba6 12. Be2 Be7 13. O-O O-O 14. Bxa6 Nxa6
15. Be3 Qb4 16. Qc2 Nc7 17. a3 Qb7 18. Rad1 Nd5 19. Bd4 Rab8 20. f5 exf5 21.
Rxf5 Qb3 22. Qd2 Nc7 23. Nf6+ Bxf6 24. exf6 g6 25. Rf3 Qa4 26. Be5 d6 27. cxd6
Nd5 28. Qh6 Qxd1+ 29. Rf1 1-0

[Event "22nd ch-EUR Indiv 2022"]
[Site "Terme Catez SLO"]
[Date "2022.04.05"]
[Round "10.4"]
[White "Cheparinov, Ivan"]
[Black "Durarbayli, Vasif"]
[Result "1/2-1/2"]
[WhiteTitle "GM"]
[BlackTitle "GM"]
[WhiteElo "2672"]
[BlackElo "2628"]
[WhiteFideId "2905540"]
[BlackFideId "13402935"]
[EventDate "2022.03.27"]

1. d4 d5 2. c4 c6 3. Nf3 Nf6 4. e3 Bf5 5. Nc3 e6 6. Nh4 Be4 7. f3 Bg6 8. Qb3 Qc7
9. Bd2 Be7 10. Nxg6 hxg6 11. O-O-O dxc4 12. Qxc4 a6 13. Kb1 b5 14. Qe2 Nbd7 15.
g4 Nb6 16. Qg2 c5 17. dxc5 Bxc5 18. Rc1 Qa7 19. e4 Rc8 20. h4 Bd4 21. h5 gxh5
22. Ne2 Rxc1+ 23. Bxc1 Nc4 24. Nxd4 Qxd4 25. Qe2 Ne5 26. g5 Nfd7 27. b3 Qc3 28.
Rh3 Qc7 29. f4 Ng6 30. Qd2 O-O 31. Rc3 Qa7 32. Qe3 Qxe3 33. Bxe3 f6 34. Bh3 Re8
35. Rc6 Ngf8 36. Rxa6 e5 37. gxf6 Nxf6 38. f5 Nxe4 39. Bg2 Nc3+ 40. Kc2 Rc8 41.
Rc6 Rxc6 42. Bxc6 Nxa2 43. Bc5 g6 44. Bxb5 gxf5 45. Kb2 Ne6 46. Bc4 Kf7 47. Kxa2
h4 48. Bg1 Ke7 49. Kb2 h3 50. Bf1 Ng5 51. Kc2 f4 52. Bf2 Kd6 53. Kd3 Kd5 54. Bg1
Nf3 55. Bf2 e4+ 56. Ke2 Nd4+ 57. Kd1 h2 58. Bg2 Nxb3 59. Bh1 Nd4 60. Ke1 Kc4 61.
Kd2 Nf3+ 62. Ke2 Kc3 63. Be3 Ng1+ 64. Kf2 Nh3+ 65. Ke2 f3+ 66. Kf1 Kd3 67. Bh6
Ng1 68. Bf4 e3 69. Bxf3 Nxf3 70. Kg2 e2 71. Bg3 Ke3 72. Bf2+ Kf4 73. Bg3+ Kf5
74. Kh1 Kg5 75. Kg2 Kg4 76. Bf2 Kf4 77. Bg3+ Ke4 78. Bf2 Kd3 79. Bg3 Kc2 80. Bf2
Ne5 81. Bg3 Ng4 82. Bh4 Kd2 83. Bg3 Ne3+ 84. Kh1 Nf1 85. Bf2 Kd3 86. Kg2 Ke4 87.
Be1 Kf4 88. Bf2 Ke4 89. Be1 Ke3 90. Bf2+ Kd3 91. Be1 Nd2 92. Bf2 Nf3 93. Bg3 Ke3
94. Bf2+ Kf4 95. Bg3+ Kf5 96. Bf2 Kf4 97. Bg3+ Kg4 98. Bf2 Kh5 99. Bg3 Kh6 100.
Bf2 Kg6 101. Bg3 Kf6 102. Bf2 Ke6 103. Bg3 Kd5 104. Bf2 Kc4 105. Bg3 Nd2 106.
Bf2 Nf1 107. Be1 Kd3 108. Bf2 Ne3+ 109. Kh1 Kd2 110. Bh4 Ng4 111. Kg2 Ke3 112.
Be1 Ne5 113. Bf2+ Kd2 114. Bg3 Ng4 115. Bh4 Kd3 116. Bg3 Ke3 117. Be1 Ne5 118.
Bf2+ Ke4 119. Kxh2 Nd3 120. Kg2 Kf4 121. Bh4 Ke3 122. Bg5+ Ke4 123. Bd2 Ne5 124.
Kf2 Kd3 125. Be1 Nc6 126. Kf3 Nd4+ 127. Kf2 Kc2 128. Kg2 Nf5 129. Bf2 Kd2 130.
Kf3 Nd6 131. Kg2 Ne4 132. Bh4 Ke3 133. Be1 Nc5 134. Bf2+ Kf4 135. Bg3+ 1/2-1/2